Estadísticas para Islas mas Grandes de Mexico

Haz click aquí para intentar la prueba.

Estadísticas generales

  • Esta prueba ha sido intentada 16 veces
  • La puntuación promedio es 2 de 10

Estadísticas de respuestas

Islas% Correcto
Cozumel
92%
Mujeres
46%
Holbox
31%
Cedros
23%
Contoy
8%
Deer/ Ciervo
8%
Espiritu Santo
8%
Marietas
8%
Socorro
8%
Todos Santos
0%

Distribución de puntuación

Porcentaje por número respondido

Porcentaje de gente con cada puntuación

Historial de tus puntuaciones

No has intentado esta prueba.